=LDR 00000nam 2200000 4500 =001 NUTBA000000000005080 =005 20141020104735.0 =006 =007 =008 =035 ##$$a 0010-101400000000310 =040 ##$$a NBPDMAT =082 ##$$a 658 =090 ##$$a 658 mar,m1 =100 ##$$a hugh marlow =245 ##$$a manajemen perubahan dan merencana masa depan =250 ##$$a cet61 =260 ##$$a jakarta$bsapdodadi =300 ##$$a 233 hlm =990 ##$$a 00089539 =990 ##$$a 0001/BPAP-NTB/20142014